Statistiken für Gemeinden Liechtensteins

Klicken Sie hier um das Quiz zu spielen!

Allgemein

  • Dieses Quiz wurde 23 mal gespielt
  • Das Durchschnittsergebnis liegt bei 5 aus 11

Antwortstatistiken

Gemeinden Liechtensteins% Korrekt
Vaduz
100%
Schaan
78%
Triesen
50%
Triesenberg
50%
Balzers
44%
Eschen/Nendeln
39%
Gamprin/Bendern
33%
Mauren/Schaanwald
33%
Planken
33%
Ruggell
33%
Schellenberg
33%

Verteilung der Resultate

Perzentil nach korrekt beantworteten Fragen

Anzahl Personen mit jedem Resultat

Ihre Resultats-Entwicklung

Sie haben dieses Quiz noch nicht gespielt